00892cam a22002535a 4500001001000000003000400010005001700014008004100031020001800072040004000090082001700130100001500147245004600162260007100208300003400279504005100313650004000364650002800404653002800432690004400460942000800504999001700512952010900529015347624OSt20201128024248.0090806s2009 enka frb 001 0 eng d a9781843982180 aStDuBDSbengcStDuBDSdUkdEG-ScBUE04a658222bHOR1 aHorn, Roy.14aThe business skills handbook /cRoy Horn. aLondon :bChartered Institute of Personnel and Development,c2009. axxi, 508 p. :bill. ;c25 cm. aIncludes bibliographical references and index. 7aIndustrial management.2BUEsh91569 7aBusiness.2BUEsh919142 bBUSADMbGGENcMarch20187 aManagement and Business Studies2blcoll 2ddc c26249d26221 00102ddc4070aMAINbMAINc1STd2018-03-06l1o658 HORp000047350r2025-07-15 00:00:00s2021-04-10yBB